[Event "Altibox Norway Chess 2017"]
[Site "Stavanger"]
[Date "2017.06.15"]
[Round "8"]
[White "Carlsen, Magnus"]
[Black "Karjakin, Sergey"]
[Result "1-0"]
[WhiteElo "2832"]
[BlackElo "2781"]
[Annotator "TA"]
[PlyCount "87"]
[EventDate "2017.??.??"]
[EventType "tourn"]
[EventCountry "NOR"]
[SourceTitle "playchess.com"]
[Source "ChessBase"]
[SourceQuality "1"]

{[%evp 22,87,0,0,23,12,29,27,31,16,20,21,17,15,25,27,25,21,24,13,20,0,41,0,0,0,0,-28,-1,-98,-35,-48,-25,-85,-42,-43,-43,-47,-33,-59,-59,-42,0,-119,-23,-47,0,0,0,-47,0,-31,-16,-17,-4,-2,-20,-21,0,-21,41,39,438,428,397,410,769,752]} 1. d4 Nf6 2. c4 e6 3. Nc3 Bb4 4. e3 O-O 5. Bd3 d5 6. cxd5 exd5 7. Nge2 Re8 8. Bd2 {E48: Nimzo-Indian: Rubinstein: 5 Bd3 d5 including 6 Ne2, but excluding 6 a3} (8. O-O Bd6 9. Bd2 Nbd7 10. Rc1 a6 11. Ng3 Nf8 12. Nf5 Bxf5 13. Bxf5 c6 14. f3 Ne6 15. Be1 c5 16. Kh1 cxd4 17. exd4 {½-½ (52) Navara,D (2739)-Kryvoruchko,Y (2714) Chartres 2017}) 8... Bf8 9. O-O b6 10. Rc1 c5 11. Nf4 Bb7 12. Qf3 {LiveBook: 5 Games} Na6 13. Rfd1 cxd4 $146 ({Predecessor:} 13... Nc7 14. dxc5 bxc5 15. Na4 Nd7 {½-½ (46) Nguyen,C (2370)-Fayard,A (2212) Paris 2014}) 14. exd4 Nc7 15. Bc2 Bd6 16. Be3 Ne4 17. Ba4 Re7 18. Bb3 Qd7 19. h3 {[%cal Rf4d5]} Nxc3 20. bxc3 Bc6 21. Nh5 {Strongly threatening Bh6!} (21. Bxd5 $2 Nxd5 22. Nxd5 Bxd5 $19) 21... Re6 22. Bc2 (22. Re1 $14) 22... Ba4 $1 $11 23. c4 dxc4 24. d5 {[#]} Rg6 $1 {[%mdl 512]} 25. Bd4 (25. Bxa4 $11 Qxa4 26. Nf4) (25. Bxg6 fxg6) 25... Bxc2 (25... Ne8 $1 $17) 26. Rxc2 $15 Qa4 27. Rcc1 (27. Rdc1 $11 {remains equal.} Re8 28. g3) 27... Qxa2 28. Nxg7 Rxg7 29. Bxg7 Kxg7 30. Qg4+ $1 Kf8 31. Qh4 Qb2 32. Rxc4 (32. Qh6+ $11 Ke7 33. Qg5+ (33. Rxc4 Qe5 $14) (33. Qxh7 Rh8 $17) 33... Kd7 34. Qf5+ Ke7 35. Rxc4) 32... Ne8 (32... Kg7 $1 $17 33. Rcd4 Ne8) 33. Re1 Qf6 {...Qxh4 is the strong threat.} 34. Qxh7 Qg7 35. Qc2 {Black must now prevent Rc8.} Qf6 36. Rg4 (36. Qh7 $5 {[%cal Rc4g4]} Qg7 37. Qf5 $11) 36... Bc5 37. Re2 {Hoping for Qh7.} Qh6 38. g3 $1 $40 {[%mdl 128] White mounts an attack.} Nf6 39. Rh4 Qg7 40. Kg2 Qg5 (40... Re8 $11) 41. Qc3 $14 {[%mdl 1024] White has compensation.} Bd6 $2 {[%mdl 8192]} ({Black should try} 41... Qg7 $14) 42. Rh8+ $18 Ng8 {[#]} 43. Re4 $1 Qg7 {[#]} (43... Rd8 $142 44. Qf3 Qg7) 44. Rxg8+ $1 {[%mdl 512] Precision: White = 64%, Black = 34%.} 1-0

[Event "Altibox Norway Chess 2017"]
[Site "Stavanger"]
[Date "2017.06.15"]
[Round "8"]
[White "Vachier-Lagrave, Maxime"]
[Black "Kramnik, Vladimir"]
[Result "1-0"]
[WhiteElo "2796"]
[BlackElo "2808"]
[Annotator "TA"]
[PlyCount "95"]
[EventDate "2017.??.??"]
[EventType "tourn"]
[EventCountry "NOR"]
[SourceTitle "playchess.com"]
[Source "ChessBase"]
[SourceQuality "1"]

{[%evp 15,95,15,10,12,6,23,19,14,6,8,8,18,19,17,9,9,18,17,11,21,16,10,5,5,6,5,5,0,0,0,0,0,33,-14,-8,-14,-8,-12,0,0,0,0,0,0,0,0,0,0,0,0,3,2,4,10,82,80,76,77,71,72,83,80,140,87,153,153,139,121,145,135,132,110,109,109,340,320,450,446,489,382,4566,946]} 1. e4 e5 2. Nf3 Nc6 3. Bb5 Nf6 4. d3 Bc5 5. c3 d5 6. exd5 {C65: Ruy Lopez: Berlin Defence (3...Nf6), unusual lines and 4 0-0 Bc5} Qxd5 7. Bc4 Qd6 8. b4 Bb6 {LiveBook: 3 Games} 9. a4 e4 10. dxe4 Qxd1+ 11. Kxd1 Nxe4 ({Not} 11... Bxf2 $2 12. Ke2 $18) 12. Kc2 {aiming for Re1.} ({Of course not} 12. Re1 Bf5 $17) 12... Bf5 $146 ({Don't blunder} 12... Nxf2 $2 13. Re1+ Kf8 14. a5 $18) ({Predecessor:} 12... Nd6 13. Re1+ {½-½ (58) Caruana,F (2817)-Xiong,J (2674) Saint Louis 2017}) 13. Nh4 Bd7 $1 14. Re1 f5 15. Nxf5 Bxf5 16. f3 Ne5 {[%cal Bc6e5,Be5c4,Bc4e3][%mdl 32]} 17. fxe4 Bg4 18. h3 {With the idea Bd5.} Nxc4 19. hxg4 O-O $132 {[%mdl 2048] Black is not keeping still} 20. Re2 a5 21. Nd2 Ne3+ 22. Kb3 axb4 23. cxb4 Rfd8 24. Bb2 Rd3+ 25. Bc3 Bd4 26. Rc1 Nd1 {[%cal Rd1c3]} 27. Nb1 $1 Nxc3 28. Nxc3 Be5 29. a5 Rg3 30. Rf2 c6 (30... c5 $5) 31. Rf3 {Threatens to win with Rxg3.} Rxg4 32. Na4 Rxg2 33. Nc5 Rb2+ 34. Kc4 Bd6 (34... Rb8 $11 {remains equal.}) 35. Rd1 $1 $16 {[%cal Rd1d6]} Bxc5 36. Kxc5 {[%mdl 4096] Endgame KRR-KRR} Re8 37. Rd7 Re5+ {[#]} 38. Kc4 $1 {Threatening mate with Rd8+.} h5 39. Rxb7 Rxe4+ (39... Rxa5 $142 40. bxa5 Rxb7) 40. Kc5 {And now a6 would win.} Rc2+ 41. Kd6 {a6 is the strong threat.} Rd4+ 42. Kc7 {Strongly threatening a6.} Ra2 43. Kxc6 h4 44. Rb6 Rg4 $2 {[#]} (44... Ra4 $16) 45. a6 $1 $18 Kh7 (45... Rc4+ {was necessary.} 46. Kb7 Re4) 46. Rf5 Ra4 47. Rh5+ Kg6 $2 {[#]} (47... Kg8 48. b5 g6) 48. Rxh4 $1 {[%mdl 512] Precision: White = 90%, Black = 52%.} 1-0

[Event "Altibox Norway Chess 2017"]
[Site "Stavanger"]
[Date "2017.06.15"]
[Round "8"]
[White "Aronian, Levon"]
[Black "Anand, Viswanathan"]
[Result "1/2-1/2"]
[WhiteElo "2793"]
[BlackElo "2786"]
[Annotator "TA"]
[PlyCount "63"]
[EventDate "2017.??.??"]
[EventType "tourn"]
[EventCountry "NOR"]
[SourceTitle "playchess.com"]
[Source "ChessBase"]
[SourceQuality "1"]

{[%evp 19,63,0,0,-2,8,9,28,28,28,29,28,28,28,28,22,25,35,25,26,29,23,25,45,45,51,47,49,50,54,45,41,47,43,42,65,70,60,33,38,34,29,0,39,0,45,0]} 1. d4 Nf6 2. c4 e6 3. Nf3 d5 4. g3 Bb4+ 5. Bd2 Be7 6. Bg2 O-O 7. O-O Nbd7 8. a4 {E11: Bogo-Indian} a5 9. Qc2 c6 10. Rc1 Ne4 {LiveBook: 4 Games} 11. Ne1 $146 ({Predecessor:} 11. Be3 f5 12. Nc3 Bd6 13. Rd1 Qe7 14. Rac1 Ndf6 15. Ne5 Bxe5 16. dxe5 {½-½ (35) Aronian,L (2780)-Wei,Y (2706) Wijk aan Zee 2017}) 11... Nd6 12. Na3 b6 13. cxd5 cxd5 14. Qb3 Ba6 15. Nb5 Rc8 16. Bf4 Bxb5 17. axb5 Nf5 18. Nf3 Bd6 19. Bxd6 Nxd6 20. e3 Rc7 21. Bf1 Qc8 22. Qd1 Rd8 23. Bd3 h6 24. Rxc7 Qxc7 25. Rc1 Qb7 26. Qa4 Rc8 27. Rc6 Ne8 28. Bh7+ Kh8 ({Don't blunder} 28... Kxh7 $2 29. Qc2+ g6 30. Rxc8 $18) 29. Bb1 Kg8 30. Bh7+ Kh8 ({Don't go for} 30... Kxh7 $2 31. Qc2+ g6 32. Rxc8 $18) 31. Bb1 Kg8 $1 32. Bh7+ {Precision: White = 70%, Black = 58%.} 1/2-1/2

[Event "Altibox Norway Chess 2017"]
[Site "Stavanger"]
[Date "2017.06.15"]
[Round "8"]
[White "Nakamura, Hikaru"]
[Black "So, Wesley"]
[Result "1/2-1/2"]
[WhiteElo "2785"]
[BlackElo "2812"]
[Annotator "TA"]
[PlyCount "70"]
[EventDate "2017.??.??"]
[EventType "tourn"]
[EventCountry "NOR"]
[SourceTitle "playchess.com"]
[Source "ChessBase"]
[SourceQuality "1"]

{[%evp 23,70,7,20,0,0,0,8,0,0,0,0,0,0,0,0,0,0,0,0,0,0,0,0,0,0,0,0,0,0,0,0,0,0,0,0,0,0,0,0,0,0,0,0,0,0,0,0,0,0]} 1. d4 Nf6 2. c4 e6 3. Nf3 d5 4. Nc3 Be7 5. Bg5 h6 6. Bh4 O-O 7. e3 Ne4 8. Bxe7 Qxe7 9. Rc1 c6 10. Bd3 Nxc3 11. Rxc3 dxc4 12. Rxc4 Nd7 {The position is equal.} 13. Bc2 {[#] D56: Queen's Gambit Declined: Lasker Defence} (13. O-O e5 14. Bb1 exd4 15. exd4 Nf6 16. Re1 Qd6 17. h3 Be6 18. Rc3 Rad8 19. Rce3 c5 20. Rd3 c4 21. Rde3 {½-½ (28) Mamedyarov,S (2735)-Fridman,D (2637) Rabat 2015}) 13... c5 $146 ({Predecessor:} 13... e5 14. Qd3 f5 15. Qb3 Kh8 16. Qb4 Qxb4+ 17. Rxb4 e4 18. Nh4 Rf6 19. g4 fxg4 20. Bxe4 {½-½ (34) Halkias,S (2544)-Georgiev,K (2626) Palic 2014}) 14. dxc5 Nxc5 15. Qd4 b6 16. b4 Rd8 17. Qc3 Nd7 18. Be4 ({Of course not} 18. Rc7 Ba6 $17) 18... Ba6 19. Bxa8 ({Not} 19. Rc7 $2 Rac8 $19) 19... Bxc4 20. Qxc4 {[#] And now Bc6 would win.} Rxa8 21. O-O Qd6 22. Rc1 Ne5 23. Nxe5 Qxe5 $11 {[%mdl 4096] Endgame KQR-KQR} 24. Rd1 Qf6 25. Qc7 Qb2 $1 26. Qb7 Rf8 27. Qxa7 Qxb4 28. g3 g6 29. h4 (29. Rd4 $5 {[%cal Rd4b4]} Qb5 30. Qb7 $11) 29... Qb2 30. Kg2 Qc2 31. Rd7 Qc6+ 32. Kg1 Qc1+ 33. Kg2 Qc6+ 34. Kg1 Qc1+ 35. Kg2 Qc6+ {Precision: White = 78%, Black = 95%.} 1/2-1/2

[Event "Altibox Norway Chess 2017"]
[Site "Stavanger"]
[Date "2017.06.15"]
[Round "8"]
[White "Giri, Anish"]
[Black "Caruana, Fabiano"]
[Result "1/2-1/2"]
[WhiteElo "2771"]
[BlackElo "2808"]
[Annotator "TA"]
[PlyCount "133"]
[EventDate "2017.??.??"]
[EventType "tourn"]
[EventCountry "NOR"]
[SourceTitle "playchess.com"]
[Source "ChessBase"]
[SourceQuality "1"]

{[%evp 15,133,36,30,35,46,17,27,24,29,29,25,30,43,2,2,7,18,26,35,14,21,2,0,6,0,8,22,24,34,12,10,10,10,12,37,26,39,15,6,0,31,29,31,10,28,12,29,33,39,14,62,62,62,62,62,62,67,66,74,79,135,135,135,85,135,86,87,87,134,134,134,134,254,254,254,254,254,254,254,254,254,254,252,104,260,329,329,329,329,329,329,329,329,329,329,329,329,329,329,0,329,329,329,329,329,329,329,329,329,329,329,0,329,268,260,260,331,331,458,0]} 1. d4 d5 2. c4 dxc4 3. Nf3 Nf6 4. e3 e6 5. Bxc4 c5 6. O-O a6 7. dxc5 Bxc5 8. Qxd8+ Kxd8 9. Be2 {D27: Queen's Gambit Accepted: Classical main line: 7 e4!? and 7 a4} Ke7 10. b3 b6 11. Nbd2 {White has an edge.} Nbd7 (11... a5 12. Ne5 Ba6 13. Ndc4 Nfd7 14. Nxd7 Nxd7 15. Bb2 f6 16. Rfd1 Rhd8 17. a3 Rac8 {½-½ (45) Nakamura,H (2785)-Caruana,F (2827) Caleta 2017}) 12. Ne1 a5 13. Bb2 Rd8 14. Rc1 Kf8 $146 ({Predecessor:} 14... Ba6 15. Bxa6 Rxa6 16. Nd3 Bd6 17. g3 Nc5 18. Bxf6+ gxf6 19. Nxc5 Bxc5 20. Ne4 Bd6 21. Nxd6 Rxd6 {½-½ (21) Zakharov,Y (2187)-Dugushov,S (1998) ICCF email 2012}) 15. Nc4 Ba6 16. Nc2 Nd5 17. Rfd1 Nb4 18. a3 Nxc2 19. Rxc2 Nf6 20. Rdc1 Bxc4 21. Rxc4 Rd2 22. R1c2 Rad8 {Hoping for ...Rxe2!} 23. Kf1 Ne4 {And now ...b5 would win.} 24. Ke1 f6 (24... Rxc2 {is interesting.} 25. Rxc2 f5 26. f3 Nd6 27. a4 Ne8) 25. Rxd2 Nxd2 26. Rc3 {aiming for Bd3.} (26. Rc2 {keeps more tension.} Ne4 27. Bf3 Ng5 28. Bc6 Nf7 29. Ke2) 26... Ne4 $132 {[%mdl 2048] Black puts up resistance} 27. Rd3 (27. Rc2 {feels hotter.} f5 28. g4 g6 29. h4 Rc8 30. Kf1) 27... Nd6 (27... Bd6 {with more complications.} 28. Rd4 Nc5 29. Bc4 Ke7 30. g3 Rc8) 28. Rd1 Ke7 29. Bd3 h6 30. Rb1 Rc8 31. Ke2 Rc7 32. f4 (32. Rc1 $5 {[%cal Rb3b4]} Rc8 33. f4 $14) 32... Nb7 33. b4 axb4 34. axb4 Bxb4 {[#]} 35. Bxf6+ $1 {[%mdl 512]} Kxf6 36. Rxb4 $14 {[%mdl 4096] Endgame KRB-KRN} Nc5 37. Rxb6 Rb7 (37... Nxd3 $142 38. Kxd3 h5) 38. Rxb7 $16 Nxb7 {KB-KN} 39. Kf3 Nd6 40. Kg4 e5 41. h4 {[%cal Bh2h4,Bh4h5,Bh5h6][%mdl 32]} exf4 42. exf4 g6 43. h5 g5 (43... gxh5+ $16 44. Kxh5 Kg7) 44. fxg5+ $18 hxg5 45. h6 Nf7 46. Kh5 Ne5 47. Bb5 Nf7 48. Bc4 {White threatens Bxf7 and mate.} Ne5 49. Bd5 (49. Ba6 $18) 49... Nd7 $2 {[#]} (49... Nd3 $16) 50. Be4 $1 Ne5 51. h7 Kg7 52. Kxg5 Nf7+ 53. Kf4 Nh8 54. Bd3 Nf7 55. Bc2 Nh8 56. Ke5 Nf7+ 57. Kf4 Nh8 58. Bb1 Nf7 59. Bf5 Nh8 60. Kg4 Nf7 61. Kg3 Nh8 62. Bc2 Nf7 63. Kf4 Nh8 $1 64. Bd1 {Strongly threatening Bh5.} Ng6+ 65. Kg5 Ne5 {[#]} 66. Bc2 $1 Nf7+ 67. Kf4 $2 {Precision: White = 54%, Black = 60%.} (67. Kh5 $18) 1/2-1/2

[Event "Altibox Norway Chess 2017"]
[Site "Stavanger"]
[Date "2017.06.16"]
[Round "9"]
[White "So, Wesley"]
[Black "Aronian, Levon"]
[Result "1/2-1/2"]
[WhiteElo "2812"]
[BlackElo "2793"]
[Annotator "TA"]
[PlyCount "117"]
[EventDate "2017.??.??"]
[EventType "tourn"]
[EventCountry "NOR"]
[SourceTitle "playchess.com"]
[Source "ChessBase"]
[SourceQuality "1"]

{[%evp 11,117,19,23,15,22,13,11,13,18,15,19,12,16,15,16,23,35,17,19,20,19,21,24,23,18,11,6,0,18,20,12,18,19,18,15,15,15,15,15,15,20,19,15,19,14,0,10,0,0,0,0,0,0,0,0,0,0,0,0,0,0,0,0,0,0,0,0,0,0,0,0,0,0,0,0,0,0,0,0,0,0,0,0,0,0,0,0,0,0,0,0,0,0,0,0,0,0,0,0,0,0,0,0,0,0,0,0,0]} 1. d4 Nf6 2. c4 e6 3. Nf3 d5 4. Nc3 Be7 5. Bf4 O-O 6. e3 Nbd7 7. a3 {D37: Queen's Gambit Declined: 5 Bf4} c5 8. cxd5 Nxd5 9. Nxd5 exd5 10. dxc5 Nxc5 11. Be5 Bf6 12. Bxf6 Qxf6 13. Qd4 Qe7 {[#] Threatens to win with ...Nb3.} 14. Rd1 Rd8 {[#]} 15. Be2 $146 Bf5 16. Qb4 a5 17. Qc3 Ne4 18. Qd4 {The position is equal.} Nc5 19. Qc3 Ne4 20. Qe5 Qxe5 21. Nxe5 Rac8 22. Nf3 Nc5 23. Nd4 Bd7 24. f3 Ba4 25. Rd2 Nb3 26. Nxb3 Bxb3 27. Kf2 Rd6 28. f4 g6 29. e4 Rf6 30. exd5 Rxf4+ 31. Bf3 Rd8 32. Kg3 (32. Ke3 $5 {[%cal Re3f4]} Rf5 33. g4 Re5+ 34. Kf4 $11) 32... Rf6 33. Rc1 Rfd6 34. Rd4 a4 (34... Bxd5 $6 35. Rcd1 $16) 35. h4 Kg7 ({Much worse is} 35... Bxd5 $6 36. Rcd1 $16 (36. Rxa4 Bxf3 37. gxf3 Rb6 $11)) 36. Rc3 h6 ({Much weaker is} 36... Bxd5 $6 37. Rcd3 $16) 37. Rc7 Bxd5 38. Rxa4 Bxf3 39. gxf3 $11 {[%mdl 4096] Endgame KRR-KRR} b5 40. Rf4 R8d7 41. Rxd7 Rxd7 {KR-KR} 42. Rb4 Rd5 43. Kf4 f5 44. Ke3 Kf6 45. Rd4 Rxd4 46. Kxd4 g5 $1 47. hxg5+ hxg5 {K3P-K3P} 48. b3 Ke6 49. a4 bxa4 50. bxa4 {KPP-KPP} Kd6 51. a5 g4 52. fxg4 fxg4 {KP-KP} 53. a6 $1 {[%cal Ra6a7] [#] Threatening mate with a7.} Kc7 54. a7 Kb7 55. a8=Q+ Kxa8 56. Kd3 {[%cal Bd4d3,Bd3e2,Be2f2][%mdl 32]} g3 {( -> ...g2)} 57. Ke2 g2 58. Kf2 g1=Q+ (58... g1=R $5 59. Kxg1 $11) 59. Kxg1 {Precision: White = 87%, Black = 95%.} 1/2-1/2

[Event "Altibox Norway Chess 2017"]
[Site "Stavanger"]
[Date "2017.06.16"]
[Round "9"]
[White "Caruana, Fabiano"]
[Black "Nakamura, Hikaru"]
[Result "1-0"]
[WhiteElo "2808"]
[BlackElo "2785"]
[Annotator "TA"]
[PlyCount "117"]
[EventDate "2017.??.??"]
[EventType "tourn"]
[EventCountry "NOR"]
[SourceTitle "playchess.com"]
[Source "ChessBase"]
[SourceQuality "1"]

{[%evp 14,117,0,-28,0,0,0,0,0,0,0,0,-7,-9,3,0,-16,-70,-74,-76,-89,-122,13,8,33,0,0,0,0,0,0,0,179,80,62,46,56,56,81,73,76,77,77,89,159,164,238,239,221,216,216,222,216,218,228,186,422,292,310,295,427,426,489,487,481,438,430,414,473,460,611,611,604,604,686,681,662,647,835,831,773,713,1123,1105,1083,1069,1869,1648,2314,1906,1601,1008,2477,2282,2050,2089,29976,29978,29978,29979,29980,29984,29984,29985,29985,29986]} 1. e4 c5 2. Nf3 d6 3. d4 cxd4 4. Nxd4 Nf6 5. Nc3 a6 6. Bg5 e6 7. f4 Qb6 8. Qd3 Qxb2 {B97: Sicilian Najdorf: Poisoned Pawn} 9. Rb1 Qa3 10. f5 Be7 {The position is equal.} 11. fxe6 fxe6 12. Be2 Qa5 13. Bd2 $1 Qc7 14. g4 {Threatening g5.} h6 {[#]} 15. Rg1 $146 (15. h4 $11) ({Predecessor:} 15. Qh3 O-O 16. g5 hxg5 17. Nxe6 {½-½ (37) Mamedov,R (2688)-Jobava,B (2701) Moscow 2017}) 15... Bd7 $1 $15 16. g5 hxg5 17. Rxg5 Nc6 ({Black should play} 17... Rh7 $17 18. Qg3 Nc6 19. Rxg7 Rxg7 20. Qxg7 O-O-O 21. Nxc6 Bxc6) 18. Rxg7 $11 O-O-O 19. Ncb5 $36 {[%mdl 2048] White is pushing.} (19. Ndb5 $5 Qb8 20. Rxe7 axb5 21. Nxb5 $16) 19... axb5 20. Nxb5 Ne5 $1 {[%cal Re5d3]} 21. Nxc7 Nxd3+ 22. cxd3 Ng8 $2 {[#]} (22... Rxh2 $11 {and Black stays safe.} 23. Rxe7 Rh1+ 24. Bf1 Rf8 25. Nxe6 Bxe6 26. Rc1+ (26. Rxe6 Ng4 $17) 26... Kb8) 23. Na8 (23. Ba5 $1 $18) 23... Kb8 $16 24. Nb6 Bc6 25. Bf4 {Black must now prevent Nc4.} e5 26. Bg3 {Strongly threatening Nc4.} Bf6 27. Rf7 {Threatens to win with Nc4.} Be8 28. Rf8 Bg7 (28... Be7 $142 29. Rf2 Nf6) 29. Rf2 Ne7 (29... Nf6 {might work better.} 30. Nc4 Rh6) 30. Bg4 $18 Nc6 31. Rfb2 Nd4 32. Nd5 b5 33. a4 {[%cal Ba2a4,Ba4b5][%mdl 32]} Bh6 34. axb5 Rg8 $2 (34... Kb7 35. Bf2 Bf7) 35. h3 Kb7 36. Ne7 Rf8 {[#]} (36... Rg7 {is a better defense.} 37. Nc6 Bxc6) 37. Nc6 $1 Bxc6 (37... Nxc6 38. bxc6+) 38. bxc6+ Kxc6 39. Bf2 Rxf2 40. Kxf2 Rf8+ 41. Kg2 Be3 42. Rb8 Rxb8 43. Rxb8 {[%mdl 4096] Endgame KRB-KBN} d5 44. Rc8+ Kd6 45. Rd8+ Ke7 46. Rd7+ Kf6 47. exd5 e4 48. dxe4 Bf4 49. h4 {[%cal Bh3h4,Bh4h5][%mdl 32]} Nb5 50. h5 Be5 51. Bf5 Kg5 52. Bg6 Nd6 53. Re7 Nc4 54. Re6 Bf6 55. d6 {[%cal Bd5d6,Bd6d7][%mdl 32] White mates.} Ne5 56. Bf5 Nd3 57. Rxf6 Kxf6 58. d7 Ke7 59. h6 {Precision: White = 71%, Black = 56%.} 1-0

[Event "Altibox Norway Chess 2017"]
[Site "Stavanger"]
[Date "2017.06.16"]
[Round "9"]
[White "Kramnik, Vladimir"]
[Black "Giri, Anish"]
[Result "1-0"]
[WhiteElo "2808"]
[BlackElo "2771"]
[Annotator "TA"]
[PlyCount "39"]
[EventDate "2017.??.??"]
[EventType "tourn"]
[EventCountry "NOR"]
[SourceTitle "playchess.com"]
[Source "ChessBase"]
[SourceQuality "1"]

{[%evp 9,39,12,7,0,0,-7,-4,-36,-29,-35,-38,-59,50,46,65,62,68,67,50,61,67,41,157,141,253,197,241,268,468,457,468,452]} 1. Nf3 d5 2. d4 Nf6 3. e3 e6 4. Bd3 c5 {[%cal Bc7c5,Bc5c4,Bc4c3][%mdl 32]} 5. O-O c4 6. Be2 {D05: Colle System with ...e6} b5 {[%cal Bb7b5,Bb5b4][%mdl 32]} 7. b3 Bb7 8. Nc3 {The position is equal.} b4 $146 ({Predecessor:} 8... a6 9. Ne5 Qc7 10. Bd2 Nc6 11. f4 Bd6 12. Bf3 Ne7 13. Rb1 b4 {0-1 (65) Rakhmanov,A (2616)-Vallejo Pons,F (2695) Legnica 2013}) 9. Na4 c3 $1 10. Ne5 Bd6 (10... Nc6 $15) 11. a3 $36 {[%mdl 2048] White has good play.} a5 12. Bb5+ Kf8 13. Nc5 Qb6 14. Nxb7 Qxb7 15. Qe2 g6 ({Black should try} 15... Kg8 $14) 16. e4 $16 {And now Bh6+ would win.} Nxe4 (16... Kg7 $16) 17. Bh6+ $18 Ke7 18. f3 {[%mdl 1024] White has strong compensation.} Nd2 $2 (18... Nf6 19. axb4 Qb6) 19. Rfe1 {[#] Strongly threatening Nxf7!} Kd8 20. Bf4 {Precision: White = 90%, Black = 44%.} 1-0

[Event "Altibox Norway Chess 2017"]
[Site "Stavanger"]
[Date "2017.06.16"]
[Round "9"]
[White "Anand, Viswanathan"]
[Black "Carlsen, Magnus"]
[Result "1/2-1/2"]
[WhiteElo "2786"]
[BlackElo "2832"]
[Annotator "TA"]
[PlyCount "67"]
[EventDate "2017.??.??"]
[EventType "tourn"]
[EventCountry "NOR"]
[SourceTitle "playchess.com"]
[Source "ChessBase"]
[SourceQuality "1"]

{[%evp 11,67,17,24,18,30,22,23,8,21,14,28,22,22,25,16,25,31,34,39,24,85,69,68,37,45,45,43,36,41,35,51,47,68,79,78,45,59,20,20,18,29,17,26,16,9,0,0,0,8,0,0,0,0,0,0,0,0,0]} 1. e4 e5 2. Nf3 Nc6 3. Bc4 Bc5 4. c3 Nf6 5. d3 d6 6. O-O a6 7. a4 {C54: Giuoco Piano: 4 c3 Nf6, main lines with 5 d4 and 5 d3} (7. Re1 O-O 8. h3 Ba7 9. Bb3 Re8 10. Nbd2 Be6 11. Bc2 h6 12. Nf1 d5 13. exd5 Bxd5 14. Ng3 Qd7 15. Be3 Bxe3 16. Rxe3 Re7 17. Nh4 g6 18. c4 Be6 19. Qf3 Kg7 {½-½ (27) Giri,A (2785)-Nakamura,H (2786) Moscow 2017}) 7... Ba7 8. Re1 (8. Na3 Ne7 9. Nc2 O-O 10. Be3 Bxe3 11. Nxe3 a5 12. Re1 Ng6 13. Bb3 c6 14. Bc2 Re8 {0-1 (41) Anand,V (2770)-Carlsen,M (2855) Leuven 2016}) 8... O-O 9. h3 {White has an edge.} h6 (9... b5 $5 {[%cal Rb5c4]} 10. Bd5 Bd7 $11) 10. Nbd2 {[%cal Bb1d2,Bd2c4,Bc4e3,Be3g4][%mdl 32]} Be6 11. Bxe6 fxe6 12. b4 Nh5 13. Ra2 $146 ({Predecessor:} 13. Nf1 Qf6 14. Ra2 Nf4 {½-½ (56) Jumabayev,R (2625)-Nguyen,N (2632) Chengdu 2017}) 13... Qf6 {With the idea ...Nf4.} 14. Nc4 b5 15. Ne3 Bb6 {[#]} (15... Qg6 $11 {remains equal.}) 16. Ng4 $1 $16 {[%cal Rg4f6]} Qe7 17. Be3 Bxe3 18. fxe3 Rab8 19. axb5 axb5 20. Ra6 Nd8 21. d4 exd4 22. cxd4 Nf7 23. Qc2 Nf6 24. Nxf6+ Qxf6 25. Rc6 Ng5 26. Nxg5 Qxg5 27. Rxc7 Qg3 {The position is equal.} 28. Qe2 Ra8 {[%cal Bb8a8,Ba8a3,Ba3b3][%mdl 32] [#] Threatens to win with ...Ra2!} 29. Rcc1 Ra3 30. Ra1 Rb3 31. Rab1 Ra3 32. Ra1 Rb3 33. Rab1 Ra3 34. Ra1 {Precision: White = 74%, Black = 56%.} 1/2-1/2

[Event "Altibox Norway Chess 2017"]
[Site "Stavanger"]
[Date "2017.06.16"]
[Round "9"]
[White "Karjakin, Sergey"]
[Black "Vachier-Lagrave, Maxime"]
[Result "1/2-1/2"]
[WhiteElo "2781"]
[BlackElo "2796"]
[Annotator "TA"]
[PlyCount "60"]
[EventDate "2017.??.??"]
[EventType "tourn"]
[EventCountry "NOR"]
[SourceTitle "playchess.com"]
[Source "ChessBase"]
[SourceQuality "1"]

{[%evp 21,60,22,22,24,14,32,21,13,33,30,14,7,7,-49,-50,-41,-61,-67,-58,-55,-52,-70,-66,-70,-70,-108,-112,-112,0,0,0,0,0,0,0,0,0,0,0,0,0]} 1. e4 c5 2. Nf3 d6 3. d4 cxd4 4. Nxd4 Nf6 5. Nc3 a6 6. g3 e5 7. Nde2 Be7 8. Bg2 b5 9. Nd5 {B91: Sicilian Najdorf: 6 g3} Nbd7 10. Nec3 Nb6 11. Nxe7 Qxe7 {LiveBook: 3 Games} 12. Bg5 O-O $146 ({Predecessor:} 12... h6 13. Bxf6 Qxf6 14. a4 bxa4 15. Nxa4 Nxa4 16. Rxa4 O-O {1-0 (60) Giri,A (2784)-Wojtaszek,R (2723) Doha 2015}) 13. Qf3 Be6 14. Bxf6 Qxf6 15. Qxf6 gxf6 16. O-O-O b4 $1 {[%cal Rb4c3]} 17. Nd5 (17. Ne2 $11) 17... Nxd5 $15 18. exd5 Bf5 $36 {[%mdl 2048] White is under pressure.} 19. f4 Rfc8 20. Rd2 Rc5 {[#] aiming for ...Rac8.} 21. Re1 a5 22. Rf2 {next fxe5 is good for White.} Rac8 23. Be4 Bxe4 24. Rxe4 Rxd5 ({Black should try} 24... f5 $17 25. Re3 e4) 25. fxe5 $11 {The position is equal.} fxe5 $17 {KRR-KRR} 26. Rg4+ Kf8 27. Rh4 Kg7 28. Rg4+ Kf8 29. Rh4 Kg7 30. Rg4+ Kf8 {Precision: White = 67%, Black = 88%.} 1/2-1/2